Quick Pick: Signature Yellows Quiz Stats

 Plays Quiz Updated Nov 20, 2017

Score 0/12 Timer 01:30
2 Plays Today
% Correct
Yellow Brick Road
95.7%
Yellow Submarine
93%
Yellowstone National Park
92.5%
Yellow River
88.4%
Yellow Pages
87%
Yellow Jackets
79.6%
Yellow Jersey
75.4%
Big Yellow Taxi
73%
Mellow Yellow
67.5%
The Yellow Rose of Texas
59.9%
Yellowbeard
55.3%
Yellowknife
52%

Today's Daily Dose

Missing Word
Wicked Songs

Word Ladder
Blue Ivies

Get the Picture
Green on the Flag?

You're not logged in!

Compare scores with friends on all Sporcle quizzes.
OR
Log In

You Might Also Like...

Show Comments

Extras

Top Quizzes Today


Score Distribution

Your Account Isn't Verified!

In order to create a playlist on Sporcle, you need to verify the email address you used during registration. Go to your Sporcle Settings to finish the process.

Report this User

Report this user for behavior that violates our Community Guidelines.

Details: